40 personas de la historia de España que todo el mundo debería conocer - Estadísticas

Estadísticas generales
  • Esta prueba ha sido intentada 555 veces
  • La puntuación promedio es 18 de 40
Estadísticas de respuestas
Pista Respuesta % Correcto
Dictador entre 1939 y 1975 Francisco Franco
92%
Luchó en la batalla de Lepanto y escribió Don Quijote de la Mancha Miguel de Cervantes
91%
Se autorretrató en Las Meninas Diego Velázquez
88%
Pintor cubista famoso por Guernica Pablo Picasso
82%
Conquistó México Hernán Cortés
79%
Casada con su primo, acabó la Reconquista con la toma de Granada Isabel la Católica
76%
Pintó Los fusilamientos del tres de mayo Francisco de Goya
75%
Artífice de la Transición y primer presidente democrático tras el fin de la dictadura Adolfo Suárez
74%
Arquitecto conocido sobre todo por la Sagrada Familia de Barcelona Antonio Gaudí
73%
Rey de León y Castilla, conocido como "El Sabio" por su impulso a las ciencias, las artes y la cultura Alfonso X
68%
Fundador de la Falange Española, fue ejecutado durante la Guerra Civil José Antonio Primo de Rivera
66%
Poeta y dramaturgo granadino autor de La Casa de Bernarda Alba Federico García Lorca
59%
Caballero castellano desterrado por su rey que conquistó Valencia El Cid Campeador
58%
Resistió en Covadonga con 300 hombres Don Pelayo
54%
Su llegada con consejeros extranjeros causó la rebelión de los Comuneros Carlos V
53%
Reconquistó Córdoba y Sevilla y unificó dinásticamente las coronas de Castilla y León de manera definitiva Fernando III
52%
Revolucionó el flamenco con su voz y el álbum La leyenda del tiempo Camarón de la Isla
46%
Marino que completó la primera circunnavegación del mundo Juan Sebastián Elcano
46%
La Guerra Civil estalló mientras era presidente Manuel Azaña
45%
Religiosa y mística abulense, fundadora de las Carmelitas descalzas Santa Teresa de Jesús
45%
Ganador del Premio Nobel de Literatura conocido por su obra Platero y yo Juan Ramón Jiménez
44%
Culturista y primer premio Nobel español de Medicina Santiago Ramón y Cajal
43%
Fundador del emirato de Córdoba tras escapar de la masacre de su familia en Damasco Abderramán I
37%
Fundador de la orden de los Jesuitas San Ignacio de Loyola
32%
Almirante tuerto, cojo y manco que defendió Cartagena de Indias de una flota británica Blas de Lezo
31%
Filósofo cordobés que acabó suicidándose por orden de Nerón Séneca
29%
Poeta y dramaturgo del Siglo de Oro conocido como “El Fénix de los Ingenios” Lope de Vega
28%
Rey visigodo que se convirtió al catolicismo Recaredo
25%
Favorito de Carlos IV, pasó de mandar en España a caer en desgracia tras la invasión napoleónica Manuel Godoy
24%
Artífice de la Restauración borbónica asesinado por un anarquista italiano Antonio Cánovas del Castillo
22%
Fue el único miembro de la Generación del 98 que cultivó con éxito los cuatro géneros: novela, ensayo, teatro y poesía Miguel de Unamuno
22%
Militar y político español del siglo XIX, conocido por su papel en las Guerras Carlistas y por la famosa frase "Cúmplase la voluntad nacional" Baldomero Espartero
19%
Héroe de la Batalla de Lepanto y hermano ilegítimo de Felipe II Juan de Austria
19%
Vencedor en las campañas de Italia y conocido como el Gran Capitán Gonzalo Fernández de Córdoba
17%
Inventor del primer submarino torpedero de la historia Isaac Peral
17%
Líder de la resistencia lusitana contra Roma Viriato
17%
Escribió una de las primeras enciclopedias medievales y fue arzobispo de Sevilla durante casi cuarenta años San Isidoro de Sevilla
11%
Médico endocrino, biógrafo de Tiberio y Antonio Pérez, y pensador, vivió monarquía, república y dictadura Gregorio Marañón
10%
Prefirió ver morir a su hijo antes que rendir Tarifa Guzmán el Bueno
9%
Marino invicto en batalla y figura clave en Lepanto Álvaro de Bazán
7%
No se encontraron pruebas coincidentes
Distribución de puntuación
Porcentaje de gente con cada puntuación
Porcentaje por número respondido
Historial de tus puntuaciones
No has intentado esta prueba.